Ładuje się......
Dukh Pathang/
| 1. autor: | |
|---|---|
| Format: | Printed Book |
| Wydane: |
Allahabad:
Anamika Prakashan,
2007.
|
| Hasła przedmiotowe: |
| LEADER | 00523nam a22001697a 4500 | ||
|---|---|---|---|
| 999 | |c 145183 |d 145183 | ||
| 020 | |a 8187770392 | ||
| 082 | |a H1 |b RAN/D | ||
| 100 | |a Ranjana Jaiwal | ||
| 245 | |a Dukh Pathang/ |c by Ranjana Jaiwal | ||
| 260 | |a Allahabad: |b Anamika Prakashan, |c 2007. | ||
| 300 | |a 167p. | ||
| 650 | |a Poetry Hindi | ||
| 650 | |a Literature Hindi | ||
| 650 | |a Literature | ||
| 942 | |c BK | ||
| 952 | |0 0 |1 0 |4 0 |6 H_1_000000000000000_RAN_D |7 0 |9 103568 |a SSUS |b SSUS |c STACKS |d 2020-09-23 |g 200.00 |o H1 RAN/D |p 100452 |r 2020-09-23 |w 2020-09-23 |y BK | ||